000 00844nam a2200229Ia 4500
003 OSt
005 20220617164834.0
008 210719s2002 xx 000 0 und d
040 _cAloy
041 _aTulu
082 _aT894.2
_223
_bKADY
100 _aKadri Navanitha Shetti: ಕದ್ರಿ ನವನೀತ ಶೆಟ್ಟಿ
_943891
245 _aYakshamani: Tulu nataka
_b ಯಕ್ಷಮಣಿ: ತುಳು ನಾಟಕ
260 _aMangaluru:
_bKalkura Prakashana,
_c2002.
300 _a57p.
_bPB
_c18X12cm.
365 _b25
_cRs
650 _aTulu Drama: ತುಳು ನಾಟಕ
_943892
650 _aTulu Literature: ತುಳು ಸಾಹಿತ್ಯ
_943892
700 _aSHETTI (Kadri Navanitha): ಶೆಟ್ಟಿ (ಕದ್ರಿ ನವನೀತ)
_943893
906 _anataka ; Tulu ; Yakshamani
942 _2ddc
_cDB
999 _c214770
_d214770